| 000 | 00834nam a2200253 4500 | ||
|---|---|---|---|
| 005 | 20240530110436.0 | ||
| 008 | 150302s2011 ua g 000 1 ara d | ||
| 017 |
_a19857/2010 _bمصر . دار الكتب المصرية |
||
| 020 | _a9772088665 | ||
| 040 | _aEG-CaGPL | ||
| 041 | 0 | _aara | |
| 082 | 0 | 4 |
_221 _a813.03\ _bم ش |
| 100 | 0 | _aمحمد عبدالحميد جعفر | |
| 245 | 1 | 0 |
_aشاهد ملك : _bرواية / _cتاليف محمد عبدالحميد جعفر |
| 250 | _aط1 | ||
| 260 |
_aالقاهرة : _bمكتبة مدبولى ، _c2011 |
||
| 300 |
_a164 ص ؛ _c20 سم |
||
| 650 | 0 | 4 | _aالقصص الشعبية |
| 650 | 0 | 4 | _aالادب العربى |
| 650 | 0 | 4 | _aالقصص العربية |
| 650 | 0 | 4 | _aالقصص التاريخية |
| 942 |
_2ddc _cBK |
||
| 999 |
_c60953 _d60953 |
||